MA : butlletí informatiu del medi ambient butlletí informatiu del medi ambient
Descripción Física:
5 vols. ; il·lustracions blanc i negre ; periodicitat irregular 30 cm
MARC
| LEADER | 00000nas a2200000 a 4500 | ||
|---|---|---|---|
| 001 | 28086 | ||
| 003 | AGDB | ||
| 005 | 20260324175350.0 | ||
| 008 | 160829s1993 - xx 000 0 cat d | ||
| 008 | 160829s9999 xx 000 0 cat d | ||
| 017 | |a B 9610-1993 | ||
| 022 | |a 1133-1798 | ||
| 040 | |a agdb |b cat | ||
| 080 | |a Revistes | ||
| 110 | 1 | |9 53475 |a Barcelona (Catalunya : Província). |b Servei de Medi Ambient | |
| 245 | |a MA : |b butlletí informatiu del medi ambient | ||
| 260 | |a Barcelona : |b Diputació de Barcelona ; |c 1993 - | ||
| 300 | |a 5 vols. ; |b il·lustracions blanc i negre ; periodicitat irregular |c 30 cm | ||
| 310 | |a Irregular | ||
| 362 | |a 1 (abr. 1993)- | ||
| 590 | |a Mensual, després irregular. | ||
| 650 | |a Medi ambient |x Revistes |9 28460 | ||
| 655 | 0 | |9 55823 |a Revistes | |
| 710 | 1 | |a Barcelona (Catalunya : Província). |b Diputació |e entitat editora |9 52408 | |
| 866 | |a 1993 (núms. 1-4) | ||
| 866 | |a 1994 (núm. 5) | ||
| 901 | |a Arxiu | ||
| 942 | |n 1 |2 udc |c REV | ||
| 952 | |0 0 |1 0 |2 udc |4 0 |7 1 |9 45119 |a Arxiu |b Arxiu |d 2016-12-01 |h Núm. 1 (abril 1993) - Núm. 5 (març 1994) |o Rev-2208 |p 28086 |r 2016-12-01 00:00:00 |w 2016-12-01 |y ARXIU | ||
| 999 | |c 47794 |d 47794 | ||